000 01261cam a2200385 a 4500
001 32
003 FISKH
005 20240102141629.0
008 950816s1996 nyu j 000 1 eng
010 _a 95036058
020 _a0531095134 (book one)
020 _a9780545379274
020 _a0531088634 (lib. bdg. : book one)
040 _aDLC
_cDLC
_dDLC
042 _alcac
050 0 0 _aPZ7
_b.A953 Es 1996
082 0 0 _a813.5
_220
100 0 _aAvi,
_d1937-
245 1 4 _aEscape from home /
_cAvi
250 _aThis edition first printing, March 2012
260 _aNew York :
_bScholastic,
_c1996
300 _a295 pages ;
_c20 cm
490 _aBeyond the western sea ;
_vBook 1
500 _a"A Richard Jackson book"--Half t.p.
505 _aR
520 _aDriven from their impoverished Irish village, fifteen-year-old Maura and her younger brother meet their landlord's runaway son in Liverpool while all three wait for a ship to America.
521 _a690
_bLexile
521 _aR
_bRaz-Paz
650 1 _aEmigration and immigration
_xFiction.
650 1 _aRunaways
_xFiction.
650 1 _aAdventure and adventurers
_xFiction.
651 1 _aEngland
_xFiction.
906 _a7
_bcbc
_corignew
_d1
_eocip
_f19
_gy-gencatlg
942 _2lcc
_cBK
_n0
999 _c32
_d32